MARC

LEADER 00000nam0a2200000 4500
001 331712
005 20250211063210.0
035 |a (RuTPU)RU\TPU\book\357571 
035 |a RU\TPU\book\357513 
090 |a 331712 
100 |a 20170503d1980 k y0rusy5003 ca 
101 0 |a rus 
102 |a RU 
105 |a a z 001zy 
200 1 |a Автоматизация управления и проектирования  |e тематический сборник  |f Московский энергетический институт (МЭИ) ; под ред. Г. К. Круга 
210 |a Москва  |c Изд-во МЭИ  |d 1980 
215 |a 139, 9 с.  |c ил. 
225 1 |a Труды Московского энергетического института (МЭИ)  |v Вып. 469 
320 |a Библиография в конце статей 
500 1 0 |a Труды Московского энергетического института  |9 88841 
606 1 |a Автоматизация производственных процессов  |2 stltpush  |3 (RuTPU)RU\TPU\subj\610  |9 29485 
606 1 |a Технологическое проектирование  |x Автоматизация  |2 stltpush  |3 (RuTPU)RU\TPU\subj\60147  |9 77636 
610 1 |a управление 
610 1 |a АСУ ТП 
610 1 |a движущиеся объекты 
610 1 |a параметрическая идентификация 
610 1 |a информационные модели 
610 1 |a нелинейные системы 
610 1 |a корреляторы 
610 1 |a машинное моделирование 
610 1 |a микропроцессоры 
675 |a 65.011.56  |v 3 
675 |a 658.512  |v 3 
702 1 |a Круг  |b Г. К.  |4 340 
712 0 2 |a Московский энергетический институт (МЭИ)  |c (1930-1992)  |3 (RuTPU)RU\TPU\col\20092 
801 0 |a RU  |b 63413507  |c 19950704  |g psbo 
801 1 |a RU  |b 63413507  |c 20070814  |g PSBO 
801 2 |a RU  |b 63413507  |c 20170605  |g PSBO 
942 |c BK